000 00919nam a2200277 i 4500
003 DO-SdBNP
005 20250527130854.0
007 ta
008 250508b2024 dr a|||| |||| 00| 0 spa d
020 _a9789945801613
040 _aDO-SdBNP
_bspa
_cBNPHU
_erda
041 _aspa
082 4 _axxx
_bR466b
_222
100 1 _aReynoso, Menoscal
_eautor
_4aut.
_941
245 1 0 _aBajo aguas turbias :
_buna historia de amor en un escenario político agitado /
_cMenoscal Reynoso ;
250 _aPrimera edición
264 4 _aSanto Domingo :
_bEdiciones el País Dominicano,
_c©2024.
300 _a207 páginas :
_bilustraciones ;
_c23 cm.
336 _atexto
_btxt
_2rdacontent
337 _asin mediación
_bn
_2rdamedia
338 _avolumen
_bnc
_2rdacarrier
500 _aIncluye datos biográficos del autor en la solapa de la cubierta.
590 _aInventariados, 2025 /LP
910 _aLP
942 _2ddc
_cLBS1
999 _c58965
_d58965